Dayspring in Uganda / (Record no. 13438)

MARC details
000 -LEADER
fixed length control field 00548cam a22001932 4500
001 - CONTROL NUMBER
control field 0000012043
005 - DATE AND TIME OF LATEST TRANSACTION
control field 20151217155849.0
008 - FIXED-LENGTH DATA ELEMENTS--GENERAL INFORMATION
fixed length control field 090127s xx 000 0 eng d
040 ## - CATALOGING SOURCE
Original cataloging agency KABU
Transcribing agency KABU
100 1# - MAIN ENTRY--PERSONAL NAME
Personal name LLoyd, Albert B.
-- 0000161332
245 10 - TITLE STATEMENT
Title Dayspring in Uganda /
Statement of responsibility, etc. Albert B. LLoyd.
250 ## - EDITION STATEMENT
Edition statement 1st ed.
260 ## - PUBLICATION, DISTRIBUTION, ETC. (IMPRINT)
Place of publication, distribution, etc. London :
Name of publisher, distributor, etc. C. M. S.,
Date of publication, distribution, etc. 1921.
300 ## - PHYSICAL DESCRIPTION
Extent xi, 120 p.
650 #0 - SUBJECT ADDED ENTRY--TOPICAL TERM
Topical term or geographic name as entry element Missions
Geographic subdivision Uganda.
-- 0000161333
852 1# - LOCATION
-- p200 KES
908 ## - PUT COMMAND PARAMETER (RLIN)
Put command parameter 090127
950 ## - LOCAL HOLDINGS (RLIN)
-- 1
Holdings
Withdrawn status Lost status Source of classification or shelving scheme Not for loan Home library Current library Date acquired Total Checkouts Full call number Barcode Date last seen Price effective from Koha item type
    Library of Congress Classification   Kabarak, Main Campus Kabarak, Main Campus 17/12/2015   BV3625 .U3L56 1921 c. 1 16390 17/12/2015 17/12/2015 Africana Collection
Designed with assistance from East African Informatics Ltd